Chiến dịch " Phượng hoàng " Truyện phản gián
Αποθηκεύτηκε σε:
| Κύριος συγγραφέας: | |
|---|---|
| Μορφή: | Βιβλίο |
| Έκδοση: |
H.
Quân đội nhân dân
1986
|
| Έκδοση: | In lần thứ 2 |
| Θέματα: | |
| Ετικέτες: |
Προσθήκη ετικέτας
Δεν υπάρχουν, Καταχωρήστε ετικέτα πρώτοι!
|
| Thư viện lưu trữ: | Trung tâm Học liệu Lê Vũ Hùng, Trường Đại học Đồng Tháp |
|---|
| LEADER | 00775pam a22002298a 4500 | ||
|---|---|---|---|
| 001 | 00021158 | ||
| 005 | 20171026081025.0 | ||
| 008 | 110523s1986 ||||||Viesd | ||
| 041 | 0 | # | |a Vie |
| 082 | 1 | 4 | |a 891.73 |b CH305D |
| 100 | 0 | # | |a Mi_Kha_In Prút_Nhi_Cốp |
| 245 | 0 | 0 | |a Chiến dịch " Phượng hoàng " |b Truyện phản gián |c Mi_Kha_In Prút_Nhi_Cốp |
| 250 | # | # | |a In lần thứ 2 |
| 260 | # | # | |a H. |b Quân đội nhân dân |c 1986 |
| 300 | # | # | |a 385 tr. |c 19 cm. |
| 650 | # | 4 | |a Liên Xô |
| 650 | # | 4 | |a Văn học hiện đại |
| 653 | # | # | |a Truyện ngắn |
| 852 | # | # | |b Kho đọc |j KD.0006956 |
| 852 | # | # | |j KD.0006956 |
| 910 | 0 | # | |a nhnam |d 23/05/2011 |
| 980 | # | # | |a Trung tâm Học liệu Lê Vũ Hùng, Trường Đại học Đồng Tháp |